[Event "ICS rated blitz match"]
[Site "204.178.125.65"]
[Date "1999.09.07"]
[Round "?"]
[White "ESTUPENDO"]
[Black "Hossa"]
[Result "0-1"]
[WhiteElo "2083"]
[BlackElo "2516"]
[PlyCount "28"]
[EventDate "1999.??.??"]

1. e4 e6 2. d3 d5 3. Nd2 c5 4. Ngf3 Nc6 5. g3 Bd6 6. Bg2 Nge7 7. O-O O-O 8. Re1
Re8 9. e5 Bc7 10. Nf1 Ng6 11. Bf4 f6 12. exf6 Bxf4 13. gxf4 Qxf6 14. Ng3 14...
Nxf4 {ESTUPENDO resigns} 0-1

[Event "ICS rated blitz match"]
[Site "204.178.125.65"]
[Date "1999.09.01"]
[Round "?"]
[White "EXchess"]
[Black "Hossa"]
[Result "1-0"]
[WhiteElo "2418"]
[BlackElo "2470"]
[PlyCount "133"]
[EventDate "1999.??.??"]

1. e4 e5 2. Nf3 Nc6 3. Bb5 a6 4. Ba4 Nf6 5. O-O Be7 6. Re1 b5 7. Bb3 d6 8. c3
Bg4 9. h3 Bxf3 10. Qxf3 Na5 11. Bc2 c5 12. d3 O-O 13. Qg3 Kh8 14. Nd2 Nc6 15.
Nf3 Qc7 16. Bb3 Rad8 17. Ng5 Kg8 18. Nxf7 Rxf7 19. Be6 Bf8 20. Bg5 Re8 21.
Bxf7+ Qxf7 22. Bxf6 Qxf6 23. a4 b4 24. Qg4 Rd8 25. a5 g6 26. Qd1 Bg7 27. Qa4 d5
28. exd5 Rxd5 29. Qa2 Qd6 30. Qc4 Kh8 31. Qxa6 bxc3 32. bxc3 Rxd3 33. Qc8+ Bf8
34. a6 Na7 35. Qb7 Qd7 36. Qxd7 Rxd7 37. Rxe5 Kg8 38. Re8 Kf7 39. Rb8 Re7 40.
Rab1 h5 41. R1b7 h4 42. Ra8 Nb5 43. Rc8 c4 44. Kf1 Na7 45. Rcc7 Rxc7 46. Rxc7+
Ke6 47. Rxa7 Bd6 48. Re7+ Bxe7 49. a7 Bf6 50. a8=Q Bxc3 51. Qc6+ Ke5 52. Qc5+
Kf6 53. Qxc4 Be5 54. Qxh4+ Kf7 55. Qc4+ Kg7 56. f4 Bf6 57. Qc7+ Kg8 58. g4 Bh4
59. g5 Bg3 60. Qd8+ Kf7 61. Qf6+ Ke8 62. Qxg6+ Kf8 63. Qf6+ Ke8 64. g6 Bh2 65.
Qf7+ Kd8 66. g7 Bg3 67. g8=Q# {Hossa checkmated} 1-0

[Event "ICS rated blitz match"]
[Site "204.178.125.65"]
[Date "1999.09.01"]
[Round "?"]
[White "EXchess"]
[Black "Hossa"]
[Result "1-0"]
[WhiteElo "2386"]
[BlackElo "2554"]
[PlyCount "165"]
[EventDate "1999.??.??"]

1. e4 c6 2. d4 d5 3. exd5 cxd5 4. c4 Nf6 5. Nc3 Bg4 6. Qb3 Nc6 7. cxd5 Na5 8.
Bb5+ Bd7 9. Qa4 a6 10. Bxd7+ Nxd7 11. Nge2 b5 12. Qc2 Nb6 13. Nf4 Rc8 14. Qe4
b4 15. Nce2 Nac4 16. O-O a5 17. b3 Nd6 18. Qe5 Nd7 19. Qe3 g6 20. a3 Bg7 21.
axb4 axb4 22. Bd2 Rb8 23. Ra4 Nf5 24. Qd3 Nb6 25. Rxb4 O-O 26. Rc1 Qd7 27. Rc5
Qa7 28. Bc3 Rfc8 29. Rbb5 Nd7 30. Rxb8 Rxb8 31. Ra5 Qc7 32. b4 Bh6 33. Qd2 Nd6
34. Qc1 Ne4 35. Bd2 Bxf4 36. Bxf4 Qxc1+ 37. Bxc1 Rxb4 38. Ra7 Nef6 39. Kf1 Rb1
40. Ke1 Kf8 41. Ra8+ Kg7 42. Rd8 Rb7 43. Nc3 Rc7 44. Bd2 Rc4 45. Nb5 h6 46. d6
exd6 47. Nxd6 Rc6 48. Bf4 g5 49. Nf5+ Kh7 50. Be3 Rc2 51. Nxh6 Kxh6 52. h4 Ng4
53. Bxg5+ Kg6 54. Rxd7 Rxf2 55. g3 Rg2 56. Bf4 f5 57. Rd6+ Kf7 58. h5 Nf6 59.
h6 Ne4 60. Rd7+ Ke6 61. Rb7 Kd5 62. h7 Rh2 63. Be5 Rh1+ 64. Ke2 f4 65. gxf4 Nd6
66. Rc7 Ne8 67. Re7 Nd6 68. h8=Q Rxh8 69. Bxh8 Kc4 70. Be5 Nf5 71. Rc7+ Kd5 72.
Kd3 Ng3 73. Rc5+ Ke6 74. d5+ Kf5 75. d6 Ke6 76. Rc7 Nf5 77. d7 Ke7 78. Bf6+ Ke6
79. d8=Q Nd6 80. Qe7+ Kf5 81. Qe5+ Kg4 82. Rg7+ Kf3 83. Qe3# {Hossa checkmated}
1-0

[Event "ICS rated blitz match"]
[Site "204.178.125.65"]
[Date "1999.09.15"]
[Round "?"]
[White "Edelson"]
[Black "Hossa"]
[Result "0-1"]
[WhiteElo "2196"]
[BlackElo "2481"]
[PlyCount "134"]
[EventDate "1999.??.??"]

1. e4 c6 2. c4 d5 3. exd5 cxd5 4. cxd5 Nf6 5. Nc3 Nxd5 6. d4 Nc6 7. Nf3 e6 8.
a3 Be7 9. Bd3 O-O 10. O-O Bd7 11. Re1 Nxc3 12. bxc3 Qa5 13. Bb2 Rfd8 14. Ne5
Nxe5 15. Rxe5 Qb6 16. Rb1 Bd6 17. Rh5 g6 18. Rh4 e5 19. d5 Bc5 20. Qf3 Qd6 21.
Bc1 f5 22. Bc4 b5 23. Ba2 Bxa3 24. Bxa3 Qxa3 25. Qe2 Qxc3 26. d6+ Kh8 27. Rh3
Qc5 28. Rd3 Re8 29. Rd5 Qc3 30. Rd3 Qc8 31. Bb3 Kg7 32. h4 a5 33. Rg3 a4 34.
Bd5 Ra6 35. h5 Rxd6 36. h6+ Kxh6 37. Bf7 Re7 38. Ba2 f4 39. Rd3 Rxd3 40. Qxd3
Bf5 41. Qf3 Bxb1 42. Bxb1 Qc1+ 43. Kh2 Qxb1 44. g3 fxg3+ 45. Qxg3 Qe4 46. f3
Qf4 47. Kh3 Qxg3+ 48. Kxg3 Rf7 49. Kf2 a3 50. Ke3 Kg5 51. Ke4 Rxf3 52. Kxe5 Rd3
53. Ke4 Kf6 54. Kxd3 a2 55. Kd4 a1=Q+ 56. Kc5 Ke6 57. Kxb5 Qa4+ 58. Kxa4 g5 59.
Kb4 g4 60. Kc4 g3 61. Kd4 g2 62. Ke4 g1=Q 63. Kf4 Qe1 64. Kf3 Kf5 65. Kg2 Kg4
66. Kh2 Kf3 67. Kh3 67... Qh1# {Edelson checkmated} 0-1

[Event "ICS rated blitz match"]
[Site "204.178.125.65"]
[Date "1999.09.17"]
[Round "?"]
[White "Edelson"]
[Black "Hossa"]
[Result "0-1"]
[WhiteElo "2049"]
[BlackElo "2426"]
[Annotator "Fritz 5.32 (20s)"]
[PlyCount "64"]
[EventDate "1999.??.??"]

1. e4 1... d5 {Opening = B01 - 1.e4 d5} 2. exd5 Qxd5 3. Nc3 Qe6+ (3... Qe5+ 4.
Qe2 Qxe2+ 5. Bxe2 c6 6. Nf3 Nf6 7. d3 Bg4 8. h3 Bxf3 9. Bxf3 Nbd7 10. g3 e6 11.
a3 Nd5 12. Bd2 Be7 13. O-O 13... O-O {
- Meyer,S-Czech,L/Doernigheim 1994/GER (13)}) 4. Be2 4... Qg6 $146 (4... c5 5.
Nf3 Nf6 6. O-O Nc6 7. Re1 a6 8. d4 Qd6 9. d5 Nd8 10. Bg5 b5 11. Bxf6 Qxf6 12.
d6 exd6 13. Bxb5# {1-0 McNerney-Kelly,M/Philadelphia 1995/EXT 97 (13)}) (4...
Nf6 5. d4 c6 6. Nf3 h5 7. h4 g6 8. Bf4 Bg7 9. Qd2 Nd5 10. Nxd5 cxd5 11. O-O Nc6
12. c3 a6 13. Rfe1 Qd7 14. Bd3 Qd8 15. Bg5 Bf5 16. Bxf5 gxf5 17. Qd3 Qd7 18.
Re2 O-O-O 19. b4 {Muellen,A-Kohlei,R/Kettig 1994/GER/1-0 (37)}) 5. g3 Bf5 6. d3
{Sichert e4} 6... Nc6 7. Bf3 $15 (7. Nf3 7... Qd6 $11) 7... O-O-O 8. Nge2 e5 9.
O-O Bh3 10. Re1 Nge7 11. Ne4 11... f6 {Kontrolliert g5} 12. b4 Nxb4 13. Rb1 Nf5
({Und nicht} 13... Nxa2 14. N4c3 Nxc3 15. Bxb7+ Kd7 16. Nxc3 $15) 14. N2c3 $17
(14. a3 $5 {steht zur Diskussion} 14... Nc6 15. c3 $15) 14... Nd4 15. Bh5 15...
Qf5 {Schwarz haelt das Heft fest in der Hand} 16. Be3 $2 (16. Rb2 $19 $142)
16... Nbxc2 (16... Ndxc2 $5 {laesst dem Gegner kaum Chancen} 17. Be2 $19) 17.
Bxd4 17... Nxe1 $1 {entscheidend} (17... Nxd4 $6 18. Re3 g6 19. Bf3 $19) (17...
Rxd4 {ist sichtlich schwaecher} 18. Qxc2 Kb8 19. Qb3 $16) (17... exd4 $6 {
ist schnell zu verwerfen} 18. Qxc2 dxc3 19. Be2 $17) 18. Bxa7 {
Die Oeffnung der d-Linie verschafft Schwarz Drohungen} 18... Rxd3 (18... Nxd3
$6 19. g4 Qe6 20. Qf3 $19) 19. Qe2 Nf3+ 20. Bxf3 20... Qxf3 {Droht Matt: Qg2} (
20... Rxf3 21. Qb5 Kd8 22. Rd1+ Ke7 23. Bc5+ Kf7 24. Rd8 $17) 21. Qxf3 Rxf3 22.
Rd1 (22. Be3 $19 {haette noch versucht werden koennen}) 22... b6 23. Nb5 Kb7
24. Rd7 (24. Rd8 $19 {ist vielleicht noch ein Schwindelversuch}) 24... Bxd7 25.
Nd2 25... Rd3 $1 {das wars} 26. Kg2 Rxd2 27. Nc3 Bc6+ 28. Kh3 28... Kxa7 $19 (
28... Rxf2 29. g4 h5 30. Ne4 Bxe4 31. gxh5 Rg2 32. Kh4 g5+ 33. Kh3 Rxh5#) 29.
f3 h5 30. Ne4 (30. Ne2 {hilft auch nicht mehr} 30... Rxe2 31. f4 Bf3 32. g4
hxg4+ 33. Kg3 Rh3#) 30... Bd7+ 31. g4 hxg4+ 32. Kg3 Rh3# 0-1

[Event "ICS rated blitz match"]
[Site "204.178.125.65"]
[Date "1999.09.18"]
[Round "?"]
[White "Edelson"]
[Black "Hossa"]
[Result "0-1"]
[WhiteElo "2043"]
[BlackElo "2432"]
[Annotator "Fritz 5.32 (20s)"]
[PlyCount "96"]
[EventDate "1999.??.??"]

1. e4 1... d5 {Opening = B01 - 1.e4 d5} 2. exd5 Qxd5 3. Nc3 Qe6+ (3... Qe5+ 4.
Qe2 Qxe2+ 5. Bxe2 c6 6. Nf3 Nf6 7. d3 Bg4 8. h3 Bxf3 9. Bxf3 Nbd7 10. g3 e6 11.
a3 Nd5 12. Bd2 Be7 13. O-O 13... O-O {
- Meyer,S-Czech,L/Doernigheim 1994/GER (13)}) 4. Be2 4... Qg6 $146 (4... c5 5.
Nf3 Nf6 6. O-O Nc6 7. Re1 a6 8. d4 Qd6 9. d5 Nd8 10. Bg5 b5 11. Bxf6 Qxf6 12.
d6 exd6 13. Bxb5# {1-0 McNerney-Kelly,M/Philadelphia 1995/EXT 97 (13)}) (4...
Nf6 5. d4 c6 6. Nf3 h5 7. h4 g6 8. Bf4 Bg7 9. Qd2 Nd5 10. Nxd5 cxd5 11. O-O Nc6
12. c3 a6 13. Rfe1 Qd7 14. Bd3 Qd8 15. Bg5 Bf5 16. Bxf5 gxf5 17. Qd3 Qd7 18.
Re2 O-O-O 19. b4 {Muellen,A-Kohlei,R/Kettig 1994/GER/1-0 (37)}) 5. Bf3 Nc6 6.
d4 $15 (6. Nb5 6... Kd8 $11) 6... Bf5 7. Nge2 Bxc2 8. Qd2 8... Nf6 $14 (8...
Bf5 $5 $15 {bedarf naeherer Analyse}) 9. Bxc6+ $15 (9. Nf4 $5 $142 {
kommt in Betracht} 9... Qf5 10. Nfd5 Nxd5 11. Nxd5 $11) 9... bxc6 {
Staerkt b5+d5} 10. O-O 10... e6 {Deckt d5} 11. Nf4 Qf5 12. Re1 Bd6 13. d5 $19 (
13. Re2 $5 $142 {sieht spielbar aus} 13... Bxf4 14. Qxf4 $15) 13... Bxf4 $17 (
13... cxd5 14. Ncxd5 Nxd5 15. Qxd5 $17) 14. Qxf4 cxd5 (14... Nxd5 15. Qc4 Ne7
16. Bf4 $17) 15. Qxf5 $19 (15. Nb5 15... O-O $17) 15... Bxf5 16. Nb5 Kd7 17.
Bf4 Rab8 18. a4 Rb7 19. Rac1 Rc8 20. b4 $2 (20. Be5 $19) 20... Bd3 (20... a6 {
damit wuerde Schwarz es sich noch erleichtern} 21. Nxc7 Rxb4 22. Be5 Rxa4 23.
h3 $19) 21. Nxc7 (21. Be5 {aendert nichts mehr} 21... Bxb5 22. axb5 22... Rxb5
$19) 21... Rxb4 ({Schlechter scheint} 21... Rbxc7 22. Rxc7+ Rxc7 23. Bxc7 Kxc7
24. Rc1+ Bc4 25. f3 $19) ({Schwaecher ist} 21... Rcxc7 22. Rxc7+ Rxc7 23. Bxc7
Kxc7 24. Rc1+ Bc4 25. f3 $19) 22. Bg3 Bc4 (22... Rxa4 $5 {ginge schneller} 23.
h3 a6 24. Be5 $19) 23. a5 (23. Nb5 {hilft auch nicht mehr} 23... Bxb5 24. axb5
Rxb5 25. Rxc8 Kxc8 26. Rc1+ 26... Kb7 $19) 23... Rxc7 24. Bxc7 Kxc7 25. Rb1
25... Rxb1 {Droht Matt: Rxe1} 26. Rxb1 Ng8 27. f4 Ne7 28. Kf2 Nc6 29. a6 29...
Bxa6 {Der Freibauer a7 greift sofort ein} 30. g4 Bc4 31. h4 a5 32. f5 (32. h5 {
waere gleichermassen fruchtlos} 32... f6 $19) 32... e5 33. g5 f6 34. g6 (34.
Rg1 {aendert nichts am Ausgang der Partie} 34... a4 35. gxf6 gxf6 36. Rg7+
36... Kb6 $19) 34... hxg6 (34... h5 $5 $142 {waere im Gewinnsinne praeziser}
35. Ra1 $19) 35. fxg6 a4 36. h5 (36. Ra1 {aendert nichts mehr} 36... Bb3 $19)
36... a3 37. Ke3 (37. h6 {kann das Vorangegangene nicht ungeschehen machen}
37... gxh6 38. g7 38... a2 $19) 37... Nd4 38. Kd2 38... a2 {Es droht Matt} 39.
Rg1 (39. Rh1 {ist der letzte Strohhalm} 39... Nb3+ 40. Kc3 a1=Q+ 41. Rxa1 Nxa1
42. h6 gxh6 43. g7 $19) 39... Nf3+ 40. Kc3 40... Nxg1 {Mit der Mattdrohung a1Q}
41. Kb2 41... d4 {Droht Matt: d3} 42. h6 gxh6 43. g7 d3 44. g8=Q Bxg8 45. Kc3
a1=Q+ 46. Kxd3 Qb2 47. Ke4 Qc2+ 48. Ke3 Qe2# 0-1

[Event "ICS rated blitz match"]
[Site "204.178.125.65"]
[Date "1999.08.28"]
[Round "?"]
[White "Esen"]
[Black "Hossa"]
[Result "0-1"]
[WhiteElo "2026"]
[BlackElo "2509"]
[PlyCount "36"]
[EventDate "1999.??.??"]

1. e4 c5 2. c4 Nc6 3. Nf3 e5 4. Nc3 Nf6 5. d3 Be7 6. Nd5 d6 7. Nxf6+ Bxf6 8.
Be3 Nd4 9. Bxd4 cxd4 10. Be2 O-O 11. O-O Be7 12. b3 f5 13. Nd2 Bg5 14. f3 Be3+
15. Kh1 Be6 16. a4 Qh4 17. Nb1 Bf4 18. h3 18... Qg3 {Esen resigns} 0-1

[Event "ICS rated blitz match"]
[Site "204.178.125.65"]
[Date "1999.08.28"]
[Round "?"]
[White "Esen"]
[Black "Hossa"]
[Result "0-1"]
[WhiteElo "2030"]
[BlackElo "2505"]
[PlyCount "104"]
[EventDate "1999.??.??"]

1. e4 c5 2. c4 Nc6 3. Nf3 e6 4. Nc3 Nf6 5. d3 Be7 6. Be2 O-O 7. O-O d5 8. Bg5
d4 9. Nb1 e5 10. Bxf6 Bxf6 11. h3 Be6 12. Nh2 Bg5 13. Bg4 Bf4 14. Bxe6 Bxh2+
15. Kxh2 fxe6 16. f3 Qg5 17. Qd2 Qxd2 18. Nxd2 Nb4 19. Nb3 Nxd3 20. Rab1 b6 21.
a3 Rad8 22. g3 a5 23. Kg2 a4 24. Na1 b5 25. cxb5 c4 26. Nc2 Rb8 27. Ne1 Rxb5
28. Nxd3 cxd3 29. Rfd1 Rb3 30. Rd2 Rc8 31. Kf2 Rc2 32. Ke1 g5 33. Kd1 Kg7 34.
Ke1 h5 35. g4 h4 36. Kd1 Kg6 37. Ke1 Kh6 38. Kd1 Rxd2+ 39. Kxd2 Kg6 40. Kd1 Kf6
41. Kd2 Kf7 42. Kd1 Ke7 43. Kd2 Kd7 44. Kd1 Kd6 45. Kd2 Kc6 46. Rc1+ Kd7 47.
Rb1 Ke8 48. Kd1 d2 49. Ke2 Kd7 50. Kf2 d1=N+ 51. Rxd1 Rxb2+ 52. Kg1 52... Rb3 {
Esen resigns} 0-1

[Event "ICS rated blitz match"]
[Site "204.178.125.65"]
[Date "1999.09.08"]
[Round "?"]
[White "Esen"]
[Black "Hossa"]
[Result "0-1"]
[WhiteElo "2109"]
[BlackElo "2522"]
[PlyCount "23"]
[EventDate "1999.??.??"]

1. e4 c6 2. d4 d5 3. e5 e6 4. f4 c5 5. c3 cxd4 6. cxd4 Bb4+ 7. Bd2 Bxd2+ 8.
Qxd2 Ne7 9. Bb5+ Bd7 10. Bd3 Nbc6 11. Nf3 Qb6 12. Be2 {Esen resigns} 0-1

[Event "ICS rated blitz match"]
[Site "204.178.125.65"]
[Date "1999.09.08"]
[Round "?"]
[White "Esen"]
[Black "Hossa"]
[Result "0-1"]
[WhiteElo "2115"]
[BlackElo "2516"]
[PlyCount "35"]
[EventDate "1999.??.??"]

1. e4 c6 2. Nf3 d5 3. d3 dxe4 4. dxe4 Qxd1+ 5. Kxd1 Nf6 6. Bd3 Ng4 7. Ke2 Nd7
8. h3 Nge5 9. Nxe5 Nxe5 10. Bf4 Nxd3 11. Kxd3 Be6 12. Nc3 b5 13. Ke3 O-O-O 14.
Rhd1 Bd7 15. Ne2 f6 16. Rd2 e5 17. Bg3 Bc5+ 18. Kd3 {Esen resigns} 0-1

[Event "ICS rated blitz match"]
[Site "204.178.125.65"]
[Date "1999.09.02"]
[Round "?"]
[White "Esen"]
[Black "Hossa"]
[Result "0-1"]
[WhiteElo "2087"]
[BlackElo "2488"]
[PlyCount "65"]
[EventDate "1999.??.??"]

1. e4 c5 2. c4 Nc6 3. Nc3 e5 4. Nd5 Nd4 5. Nf3 Nxf3+ 6. Qxf3 Ne7 7. Nxe7 Bxe7
8. Be2 O-O 9. O-O d6 10. d3 Bh4 11. g3 Be7 12. Qg2 f5 13. f3 Rb8 14. Bd2 b5 15.
b3 bxc4 16. bxc4 fxe4 17. fxe4 Rb2 18. Rxf8+ Qxf8 19. Be3 Bg4 20. Bxg4 Rxg2+
21. Kxg2 Qb8 22. Rf1 Bf6 23. Be6+ Kh8 24. Bd5 a5 25. Bc6 Qb2+ 26. Rf2 Qb1 27.
Rd2 g5 28. g4 Qe1 29. Kf3 h5 30. h3 Qf1+ 31. Kg3 h4+ 32. Kh2 Qf3 33. Rf2 {
Esen resigns} 0-1

[Event "ICS rated blitz match"]
[Site "204.178.125.65"]
[Date "1999.10.02"]
[Round "?"]
[White "Esen"]
[Black "Hossa"]
[Result "0-1"]
[WhiteElo "2073"]
[BlackElo "2423"]
[PlyCount "92"]
[EventDate "1999.??.??"]

1. e4 c5 2. Nf3 Nc6 3. Bb5 g6 4. Bxc6 bxc6 5. c4 Bg7 6. d3 Nf6 7. Nc3 O-O 8.
Bg5 d6 9. Bxf6 Bxf6 10. Qc2 e5 11. O-O Bg7 12. b3 f5 13. Nd2 fxe4 14. dxe4 Rb8
15. f3 Qh4 16. Na4 Bh6 17. Rfe1 Rf6 18. Nf1 Be6 19. Qf2 Qxf2+ 20. Kxf2 g5 21.
h3 Bf8 22. Kg1 Be7 23. Nd2 h5 24. g4 Kf7 25. Kg2 Rh8 26. Rh1 Rf4 27. Raf1 Bd8
28. Nb1 Bf6 29. Nbc3 Be7 30. Ne2 Rf6 31. Ng3 h4 32. Ne2 Rf8 33. Nec3 Bd8 34.
Nd1 Bc7 35. Ne3 Rf4 36. Nf5 d5 37. Nb2 dxc4 38. bxc4 Rb8 39. Nd3 Bxc4 40. Nxf4
Bxf1+ 41. Rxf1 exf4 42. Rc1 Rb2+ 43. Kf1 Bb6 44. Ra1 Rd2 45. a4 c4 46. a5 46...
Be3 {Esen resigns} 0-1

[Event "ICS rated blitz match"]
[Site "204.178.125.65"]
[Date "1999.08.28"]
[Round "?"]
[White "Esen"]
[Black "Hossa"]
[Result "1-0"]
[WhiteElo "2022"]
[BlackElo "2513"]
[PlyCount "108"]
[EventDate "1999.??.??"]

1. e4 c5 2. Nf3 e6 3. Nc3 Ne7 4. d4 cxd4 5. Nxd4 d5 6. exd5 Nxd5 7. Nxd5 Qxd5
8. Nb3 Qxd1+ 9. Kxd1 Bd6 10. Bb5+ Nd7 11. Ke2 a6 12. Bxd7+ Bxd7 13. Rd1 Bb5+
14. Ke1 Bxh2 15. g3 Bg1 16. Nd4 O-O-O 17. Be3 Ba4 18. b3 Bc6 19. Nxc6 bxc6 20.
Kf1 Bxf2 21. Kxf2 Kb7 22. Rxd8 Rxd8 23. Ke2 Re8 24. Rd1 Kc7 25. c4 f5 26. Kf3
e5 27. Bc1 e4+ 28. Kf4 g6 29. Bb2 Re7 30. Be5+ Kb7 31. c5 Rf7 32. Rd6 Re7 33.
Rd8 Ka7 34. Rg8 Rd7 35. Rg7 Rxg7 36. Bxg7 Kb7 37. Bh6 Kc8 38. Ke5 Kd7 39. b4
Ke7 40. a4 Kd7 41. Kf6 Kd8 42. Kf7 Kd7 43. Kf6 Kd8 44. Ke6 Kc7 45. Ke7 Kb8 46.
Kd7 Ka8 47. Kxc6 g5 48. Bxg5 f4 49. Bxf4 Ka7 50. Kd7 a5 51. b5 e3 52. Bxe3 Ka8
53. Bf4 h5 54. c6 54... h4 {Hossa resigns} 1-0

[Event "ICS rated blitz match"]
[Site "204.178.125.65"]
[Date "1999.10.01"]
[Round "?"]
[White "Esob"]
[Black "Hossa"]
[Result "0-1"]
[WhiteElo "2304"]
[BlackElo "2405"]
[PlyCount "94"]
[EventDate "1999.??.??"]

1. e4 c6 2. d4 d5 3. exd5 cxd5 4. c4 Nf6 5. Nc3 Nc6 6. Nf3 Bg4 7. cxd5 Nxd5 8.
Qb3 Bxf3 9. gxf3 e6 10. Qxb7 Nxd4 11. Bb5+ Nxb5 12. Qc6+ Ke7 13. Qxb5 Kf6 14.
Ne4+ Kf5 15. Rg1 h6 16. Be3 Bb4+ 17. Ke2 g5 18. Qd3 Nf4+ 19. Bxf4 Qxd3+ 20.
Kxd3 Kxf4 21. Ke2 Rac8 22. Rac1 Ke5 23. a3 Be7 24. b4 Rhd8 25. Ke3 f6 26. Rge1
Kf5 27. Ng3+ Kg6 28. f4 g4 29. Ke4 Rxc1 30. Rxc1 Bd6 31. f5+ exf5+ 32. Nxf5
Re8+ 33. Kd5 Bf4 34. Rc4 Kxf5 35. b5 Bxh2 36. a4 Bg1 37. Rc2 Rd8+ 38. Kc4 Rc8+
39. Kd3 Rxc2 40. Kxc2 Bxf2 41. Kd3 g3 42. Ke2 Ke4 43. a5 Be3 44. b6 g2 45. b7
g1=Q 46. b8=Q Qf2+ 47. Kd1 47... Qd2# {Esob checkmated} 0-1

[Event "ICS rated blitz match"]
[Site "204.178.125.65"]
[Date "1999.09.04"]
[Round "?"]
[White "Etan"]
[Black "Hossa"]
[Result "0-1"]
[WhiteElo "2192"]
[BlackElo "2464"]
[PlyCount "24"]
[EventDate "1999.??.??"]

1. e4 e5 2. Nf3 Nc6 3. Bb5 Nf6 4. O-O Bc5 5. Nxe5 Nxe5 6. d4 a6 7. Be2 Nxe4 8.
dxe5 O-O 9. Qd5 Bxf2+ 10. Rxf2 Nxf2 11. Kxf2 Qh4+ 12. Kg1 12... Qe1+ {
Etan resigns} 0-1

[Event "ICS rated blitz match"]
[Site "204.178.125.65"]
[Date "1999.09.24"]
[Round "?"]
[White "FLMaster"]
[Black "Hossa"]
[Result "0-1"]
[WhiteElo "2070"]
[BlackElo "2402"]
[PlyCount "60"]
[EventDate "1999.??.??"]

1. e4 c6 2. d4 d5 3. Nc3 dxe4 4. Nxe4 Nd7 5. Nf3 Ngf6 6. Ng3 e6 7. Bd3 Be7 8.
Bd2 O-O 9. Qe2 c5 10. Bc3 Nd5 11. h4 Nxc3 12. bxc3 cxd4 13. cxd4 Bb4+ 14. Kf1
Nf6 15. h5 Bc3 16. Rd1 h6 17. Ne4 Nd5 18. g4 f5 19. gxf5 exf5 20. Nc5 Re8 21.
Ne5 Bxd4 22. Bc4 Rxe5 23. Qf3 Bxc5 24. Bxd5+ Kh7 25. Bxb7 Bxb7 26. Rxd8 Bxf3
27. Rxa8 Bb4 28. Kg1 Re1+ 29. Kh2 Bd6+ 30. Kh3 30... Rxh1# {FLMaster checkmated
} 0-1

[Event "ICS rated blitz match"]
[Site "204.178.125.65"]
[Date "1999.09.05"]
[Round "?"]
[White "Fafner"]
[Black "Hossa"]
[Result "0-1"]
[WhiteElo "2042"]
[BlackElo "2509"]
[PlyCount "28"]
[EventDate "1999.??.??"]

1. d4 d5 2. e4 dxe4 3. Nc3 Nf6 4. f3 exf3 5. Nxf3 Bg4 6. h3 Bxf3 7. Qxf3 Nbd7
8. Be3 e6 9. Bd3 c5 10. O-O Qb6 11. Ne4 cxd4 12. Bg5 Be7 13. Qf2 O-O-O 14. Kh1
14... Nxe4 {Fafner resigns} 0-1

[Event "ICS rated blitz match"]
[Site "204.178.125.65"]
[Date "1999.09.27"]
[Round "?"]
[White "FireChess98"]
[Black "Hossa"]
[Result "0-1"]
[WhiteElo "2077"]
[BlackElo "2471"]
[PlyCount "36"]
[EventDate "1999.??.??"]

1. e4 c5 2. Nf3 Nc6 3. d4 cxd4 4. Nxd4 e6 5. Nc3 Qc7 6. Be3 Nf6 7. f3 d5 8.
Nxc6 bxc6 9. Bd4 e5 10. Bf2 Bb4 11. a3 Bxc3+ 12. bxc3 dxe4 13. Bc4 O-O 14. O-O
Rd8 15. Qe2 exf3 16. Qxf3 e4 17. Qe3 Ng4 18. Qxe4 18... Qxh2# {
FireChess98 checkmated} 0-1

[Event "ICS rated blitz match"]
[Site "204.178.125.65"]
[Date "1999.10.14"]
[Round "?"]
[White "Florina"]
[Black "Hossa"]
[Result "0-1"]
[WhiteElo "2209"]
[BlackElo "2403"]
[PlyCount "58"]
[EventDate "1999.??.??"]

1. e4 c5 2. Nf3 d6 3. d4 cxd4 4. Nxd4 Nf6 5. Nc3 a6 6. Bg5 Nc6 7. Qd2 e6 8.
O-O-O Be7 9. Kb1 O-O 10. f3 Bd7 11. g4 d5 12. Nxc6 bxc6 13. e5 Ne8 14. Bxe7
Qxe7 15. g5 Bc8 16. f4 Rb8 17. h4 Qb4 18. b3 c5 19. h5 c4 20. g6 fxg6 21. hxg6
hxg6 22. Rh3 cxb3 23. axb3 Rxf4 24. Bd3 g5 25. Bg6 Qe7 26. Rdh1 Rh4 27. Qxg5
Qxg5 28. Rxh4 Qxg6 29. Rh8+ 29... Kf7 {Florina resigns} 0-1

[Event "ICS rated blitz match"]
[Site "204.178.125.65"]
[Date "1999.10.13"]
[Round "?"]
[White "Florina"]
[Black "Hossa"]
[Result "0-1"]
[WhiteElo "2226"]
[BlackElo "2386"]
[PlyCount "56"]
[EventDate "1999.??.??"]

1. e4 c5 2. Nf3 d6 3. d4 cxd4 4. Nxd4 Nf6 5. Nc3 a6 6. Bg5 Nc6 7. Qd2 e6 8.
O-O-O Be7 9. f3 O-O 10. h4 Bd7 11. Kb1 Rc8 12. g4 d5 13. Nxc6 Bxc6 14. e5 Nd7
15. Bxe7 Qxe7 16. Qd4 f6 17. f4 fxe5 18. fxe5 Rf7 19. Bd3 Rcf8 20. Rde1 Rf4 21.
Qg1 d4 22. Ne4 Nxe5 23. Ng5 Nxd3 24. cxd3 Bxh1 25. Qxh1 Rxg4 26. Rxe6 Qc5 27.
Qd1 Rxh4 28. Ne4 28... Qh5 {Florina resigns} 0-1

[Event "ICS rated blitz match"]
[Site "204.178.125.65"]
[Date "1999.10.11"]
[Round "?"]
[White "Florina"]
[Black "Hossa"]
[Result "1-0"]
[WhiteElo "2241"]
[BlackElo "2435"]
[PlyCount "59"]
[EventDate "1999.??.??"]

1. e4 d5 2. e5 c5 3. c3 Nc6 4. d4 cxd4 5. cxd4 Qb6 6. Ne2 Bg4 7. f3 Bf5 8. a3
Bg6 9. Nbc3 e6 10. b4 Rc8 11. Bb2 Nh6 12. Na4 Qd8 13. Nf4 Nf5 14. g3 Ne3 15.
Qd2 Nc2+ 16. Kf2 Nxa1 17. Bxa1 Bf5 18. h4 Be7 19. Nc5 Bxc5 20. bxc5 h6 21. g4
Bh7 22. Nh5 O-O 23. g5 hxg5 24. hxg5 Qe7 25. Nf6+ Qxf6 26. gxf6 Rfe8 27. Qg5
Bg6 28. Qh4 Bh5 29. Qxh5 gxf6 30. Qh8# {Hossa checkmated} 1-0

[Event "ICS rated blitz match"]
[Site "204.178.125.65"]
[Date "1999.10.14"]
[Round "?"]
[White "Florina"]
[Black "Hossa"]
[Result "1-0"]
[WhiteElo "2214"]
[BlackElo "2398"]
[PlyCount "80"]
[EventDate "1999.??.??"]

1. e4 c5 2. Nf3 d6 3. d4 cxd4 4. Nxd4 Nf6 5. Nc3 a6 6. Bg5 Nc6 7. Qd2 e6 8.
O-O-O Be7 9. f3 O-O 10. Kb1 Bd7 11. g4 d5 12. Nxc6 bxc6 13. e5 Ne8 14. Bxe7
Qxe7 15. g5 Bc8 16. h4 Rb8 17. h5 Qb7 18. b3 Kh8 19. f4 Qb4 20. g6 fxg6 21.
hxg6 h6 22. Rh4 Qa3 23. Qh2 Kg8 24. Bd3 Rb4 25. Ne2 c5 26. Rxh6 gxh6 27. Qxh6
Rfxf4 28. Nxf4 Ng7 29. Nh5 Kf8 30. Qxg7+ Ke8 31. Nf6+ Kd8 32. Qf7 Ra4 33. Qe8+
Kc7 34. Qxa4 Qxa4 35. bxa4 c4 36. g7 cxd3 37. Rxd3 Bb7 38. g8=Q Bc6 39. Qxe6 d4
40. Qd6+ 40... Kb7 {Hossa resigns} 1-0

[Event "ICS rated blitz match"]
[Site "204.178.125.65"]
[Date "1999.10.14"]
[Round "?"]
[White "Florina"]
[Black "Hossa"]
[Result "0-1"]
[WhiteElo "2196"]
[BlackElo "2416"]
[PlyCount "78"]
[EventDate "1999.??.??"]

1. e4 c5 2. Nf3 d6 3. d4 cxd4 4. Nxd4 Nf6 5. Nc3 a6 6. Bg5 Nc6 7. Qd2 e6 8.
O-O-O Be7 9. f3 O-O 10. Kb1 Bd7 11. g4 d5 12. Nxc6 bxc6 13. e5 Ne8 14. Bxe7
Qxe7 15. g5 Bc8 16. f4 Rb8 17. h4 Qb4 18. b3 c5 19. h5 c4 20. g6 fxg6 21. hxg6
hxg6 22. Rh3 cxb3 23. axb3 Rxf4 24. Bd3 g5 25. Bg6 g4 26. Rh4 Bd7 27. Rdh1 Kf8
28. Rh8+ Ke7 29. R8h7 Rc8 30. Bxe8 Rxc3 31. Qh2 Kxe8 32. Rxg7 Rxb3+ 33. cxb3
Qxb3+ 34. Qb2 Qd3+ 35. Qc2 Rb4+ 36. Kc1 Qe3+ 37. Qd2 Qa3+ 38. Kd1 Rb1+ 39. Ke2
39... Qf3# {Florina checkmated} 0-1